Associe les artistes francophones avec leur titre de chanson VOL6 - Statistiques

Statistiques générales
  • Ce quiz a été pris 38 fois
  • Le résultat moyen est 10 sur 21
Statistiques - réponses
Hint Réponse % Correct
Tina Arena Aller plus haut
83%
Florent Pagny Et un jour une femme
80%
Soprano Cosmo
74%
Christophe Maé Dingue, dingue, dingue
74%
David Hallyday Tu ne m'as pas laissé le temps
74%
Zaho C'est chelou
63%
Stomy Bugsy Mon papa à moi est un gangster
63%
SANTA Recommence-moi
63%
Gauvain Sers Les oubliés
54%
Emmanuel Moire Beau malheur
51%
NTM Laisse pas traîner ton fils
51%
Jenifer Tourner ma page
46%
Boulevard des airs Emmène-moi
40%
Linh Je pense à vous
40%
IAM L'empire du côté obscur
40%
Menelik Bye Bye
29%
Nolwenn Leroy Sixième continent
23%
Keblack Aucune attache
20%
Anggun Cesse la pluie
17%
Ycare Lap Dance
11%
Loïs Andréa Insomnie
3%
Aucun quiz correspondant
Distribution des résultats
% des personnes avec chaque résultat
Percentile par nombre de réponses
Votre historique - résultats
Vous n’avez pas pris ce quiz